| 000 | 01222cam a2200301 a 4500 | ||
|---|---|---|---|
| 005 | 20260322212100.0 | ||
| 008 | data | ||
| 010 | _a 2006046348 | ||
| 020 | _a0486452808 (pbk.) | ||
| 020 | _a9780486452807 (pbk.) | ||
| 040 |
_aDLC _cDLC _dDLC |
||
| 042 | _apcc | ||
| 050 | 0 | 0 |
_aTT290 _b.C7 2006 |
| 082 | 0 | 0 |
_a745.53/1 _222 |
| 092 | _a745.53 C7 2006 | ||
| 100 | 1 | _aCramlet, Ross C. | |
| 240 | 0 | 0 | _aFundamentals of leathercraft |
| 245 | 1 | 0 |
_aLeathercraft for beginners : _bwith easy-to-do projects / _cRoss C. Cramlet. |
| 260 |
_aMineola, N.Y. : _bDover Publications, _c2006. |
||
| 300 |
_a61 p. : _bill. ; _c24 cm. |
||
| 500 | _aReprint. originally published under title: Fundamentals of leathercraft. Milwaukee, WI, 1939. | ||
| 650 | 0 | _aLeatherwork. | |
| 856 | 4 | 2 |
_3Publisher description _uhttp://www.loc.gov/catdir/enhancements/fy0659/2006046348-d.html |
| 906 |
_a7 _bcbc _corignew _d1 _eocip _f20 _gy-gencatlg |
||
| 925 | 0 |
_aacquire _b1 shelf copies _xpolicy default |
|
| 955 |
_djf04 2006-06-02 _ejf04 2006-06-02 to Dewey _flg13 2007-02-15 to SL; _glg13 2007-02-15 to BCCD |
||
| 001 | data | ||
| 999 |
_c1446 _d1446 |
||